Water and metal cations in biological systems /

Bibliographic Details
Other Authors: Pullman, Bernard, 1919-, Yagi, Kunio, 1919-
Format: Book
Language:English
Published: Tokyo : Japan Scientific Societies Press : [1980]
Subjects:

MARC

Tag First Indicator Second Indicator Subfields
LEADER 00000cam a2200000 a 4500
001 in00000080058
005 20151008055312.0
008 810317s1980 ja a b 10000 eng d
035 |a (OCoLC)07231039 
035 |9 AAJ3093AM 
040 |a YSM  |c YSM  |d TXA  |d UtOrBLW 
049 |a TXAM  |c [1329240] 
090 |a QD561  |b .W37 
245 0 0 |a Water and metal cations in biological systems /  |c edited by Bernard Pullman and Kunio Yagi. 
264 1 |a Tokyo :  |b Japan Scientific Societies Press :  |c [1980] 
264 2 |a Tokyo :  |b Sole distributor for outside Japan, Business Center for Academic Societies Japan, 
264 4 |c ©1980 
300 |a viii, 271 pages :  |b illustrations ;  |c 24 cm. 
336 |a text  |b txt  |2 rdacontent 
337 |a unmediated  |b n  |2 rdamedia 
338 |a volume  |b nc  |2 rdacarrier 
500 |a "Proceedings of a symposium on "Water and Metal Cations in Biological Systems" which was held in Nagoya on November 3rd and 4th, 1978." 
504 |a Includes bibliographies. 
650 0 |a Cations  |x Congresses. 
650 0 |a Metal ions  |x Congresses. 
650 0 |a Quantum biochemistry  |x Congresses. 
700 1 |a Pullman, Bernard,  |d 1919- 
700 1 |a Yagi, Kunio,  |d 1919- 
999 |a MARS 
999 f f |s 3af17d55-4706-320c-9590-84d9a88497f6  |i 01bdc3ff-36cb-39ae-aeb0-827ba8388d51  |t 0 
952 f f |p ric  |a Texas A&M University  |b Rellis Campus  |c Joint Library Facility  |d Remote Storage  |t 0  |e QD561 .W37  |h Library of Congress classification  |i unmediated -- volume  |m A14806212872 
998 f f |a QD561 .W37  |t 0  |l Remote Storage